000
00219 a2200097 4500
001
12241
100
_a
Jane's
245
_a
Jane's: Land-Based Air Defence
260
_a
London
_b
Jane's Group
_c
2006
090
_c
9471
_d
9471
942
_a
NUST-CAE
_c
M
_c
36346
999
_c
247314
_d
247314